Statistics for Famous People Named Richard

Click here to take the quiz!

General Stats

  • This quiz has been taken 23,188 times
    (8,988 since last reset)
  • The average score is 10 of 19

Answer Stats

ClueAnswer% Correct
President who was "not a crook"Richard Nixon
97%
"Pretty Woman" actorRichard Gere
87%
English king and crusader (nickname)Richard the
{Lionheart}
76%
Singer who lives la vida locaRicky Martin
75%
Founder of VirginRichard Branson
68%
Twice married to Elizabeth TaylorRichard Burton
59%
His kingdom for a horseRichard III
58%
"Ride of the Valkyries" composerRichard Wagner
57%
A-wop bop-a loo-bop, a-wop bam-boom!Little Richard
52%
Musical partner of Oscar HammersteinRichard Rodgers
50%
Former U.S. Vice President who
shot a guy in the face
Dick Cheney
46%
Creator of "The Office"Ricky Gervais
46%
"Honey, I Shrunk the Kids" starRick Moranis
46%
Singer who is used to Rickroll peopleRick Astley
42%
"New Year's Rockin' Eve" hostDick Clark
38%
"Mr. Holland's Opus" actorRichard Dreyfuss
38%
He's a super freak, he's super freakyRick James
35%
"Sweatin' to the Oldies"Richard Simmons
30%
"Percy Jackson" authorRick Riordan
19%

Score Distribution

Percentile by Number Answered

Percent of People with Each Score

Your Score History

You have not taken this quiz since the last reset